<?xml version="1.0" encoding="UTF-8"?>
<record
    xmlns:xsi="http://www.w3.org/2001/XMLSchema-instance"
    xsi:schemaLocation="http://www.loc.gov/MARC21/slim http://www.loc.gov/standards/marcxml/schema/MARC21slim.xsd"
    xmlns="http://www.loc.gov/MARC21/slim">

  <leader>00458nam a22001337a 4500</leader>
  <controlfield tag="008">090712t        xxu||||| |||| 00| 0 eng d</controlfield>
  <datafield tag="082" ind1="0" ind2="4">
    <subfield code="a">258.8</subfield>
    <subfield code="b">&#x648; &#x62C; &#x64A;	</subfield>
    <subfield code="2">22</subfield>
  </datafield>
  <datafield tag="100" ind1=" " ind2=" ">
    <subfield code="9">7965</subfield>
    <subfield code="a">&#x648;&#x62C;&#x64A;&#x647; &#x643;&#x648;&#x62B;&#x631;&#x627;&#x646;&#x64A;</subfield>
  </datafield>
  <datafield tag="245" ind1="1" ind2="0">
    <subfield code="a">&#x628;&#x64A;&#x646; &#x641;&#x642;&#x647; &#x627;&#x644;&#x625;&#x635;&#x644;&#x627;&#x62D; &#x627;&#x644;&#x634;&#x64A;&#x639;&#x64A; &#x648;&#x648;&#x644;&#x627;&#x64A;&#x629; &#x627;&#x644;&#x641;&#x642;&#x64A;&#x647; </subfield>
    <subfield code="b">&#x627;&#x644;&#x62F;&#x648;&#x644;&#x629; &#x648; &#x627;&#x644;&#x645;&#x648;&#x627;&#x637;&#x646;</subfield>
    <subfield code="c">&#x648;&#x62C;&#x64A;&#x629; &#x643;&#x648;&#x62B;&#x631;&#x627;&#x646;&#x64A;</subfield>
  </datafield>
  <datafield tag="300" ind1=" " ind2=" ">
    <subfield code="a">186&#x635;</subfield>
    <subfield code="c">20&#x633;&#x645;</subfield>
  </datafield>
  <datafield tag="650" ind1=" " ind2=" ">
    <subfield code="9">7966</subfield>
    <subfield code="a">&#x641;&#x642;&#x647; &#x627;&#x644;&#x634;&#x64A;&#x639;&#x629;</subfield>
    <subfield code="2">BUEsh</subfield>
  </datafield>
  <datafield tag="651" ind1=" " ind2=" ">
    <subfield code="2">BUEsh</subfield>
  </datafield>
  <datafield tag="942" ind1=" " ind2=" ">
    <subfield code="2">ddc</subfield>
    <subfield code="c">BB</subfield>
  </datafield>
  <datafield tag="999" ind1=" " ind2=" ">
    <subfield code="c">12329</subfield>
    <subfield code="d">12329</subfield>
  </datafield>
  <datafield tag="952" ind1=" " ind2=" ">
    <subfield code="0">0</subfield>
    <subfield code="1">0</subfield>
    <subfield code="2">ddc</subfield>
    <subfield code="4">0</subfield>
    <subfield code="7">0</subfield>
    <subfield code="8">Dar Amoag</subfield>
    <subfield code="a">MAIN</subfield>
    <subfield code="b">MAIN</subfield>
    <subfield code="c">LOW</subfield>
    <subfield code="d">2009-07-12</subfield>
    <subfield code="e">Purchase</subfield>
    <subfield code="g">55.00</subfield>
    <subfield code="h">56</subfield>
    <subfield code="l">0</subfield>
    <subfield code="o">258.8 &#x648; &#x62C; &#x64A;</subfield>
    <subfield code="p">000017498</subfield>
    <subfield code="r">2025-07-15 00:00:00</subfield>
    <subfield code="y">BB</subfield>
  </datafield>
</record>
